| 000 | 00730nam a2200205Ia 4500 | ||
|---|---|---|---|
| 001 | 17144 | ||
| 003 | GE_BSU | ||
| 008 | 181216s||||||||xx |||||||||||||| ||und|| | ||
| 040 | _cGE_BSU | ||
| 080 | _a821.353.1-1 + 821.353.1-11 | ||
| 100 | _aგაბესკირია, ვიქტორ | ||
| 245 | _aლექსები, დრამატული პოემა | ||
| 245 | _cრედ. ა. გაბესკირია | ||
| 260 | _aთბილისი | ||
| 260 | _bლიტერატურა და ხელოვნება | ||
| 260 | _c1965 | ||
| 300 | _a263გვ. : 1ფ. პორტრ. ; 23სმ | ||
| 653 | _aლექსები, დრამატული პოემა | ||
| 942 | _cBK | ||
| 999 |
_c50206 _d50206 |
||